Score 0/10 Timer 03:00
1 Play Today
% Correct
General Knowledge, in Miscellaneous
79.3%
City, in Geography
76.1%
War, in History
63.9%
Rock, in Music
63%
Country, in Geography
49%
Latin, in Language
44.6%
Century, in History
44.3%
State, in Geography
39%
Testament, in Religion
37%
Bible, in Religion
32.8%
Remove Ads.
Support Sporcle.
Get the best of Sporcle when you Go Orange. This ad-free experience offers more features, more stats, and more fun while also helping to support Sporcle. Thank you for becoming a member.

You're not logged in!

Compare scores with friends on all Sporcle quizzes.
OR
Log In

Sporcle TV

Today on Sporcle TV


Watch our educational content, quiz creation guides, and fun videos on Sporcle TV.

Show Comments

Extras

Top Quizzes Today


Score Distribution

Paid Content

Your Account Isn't Verified!

In order to create a playlist on Sporcle, you need to verify the email address you used during registration. Go to your Sporcle Settings to finish the process.

Report this User

Report this user for behavior that violates our Community Guidelines.

Details: